000 00427nam a2200121Ia 4500
008 220615s9999||||xx |||||||||||||| ||und||
245 0 _aEvolutionary Genomics
_bStatistical and Computational Methods
546 _aEnglish[eng]
650 _aLife sciences||Bioinformatics||Genetics||Evolutionary biology
700 _aAnisimova, Maria
856 _uhttps://library.oapen.org/bitstream/20.500.12657/23338/1/1006817.pdf
942 _cEB
999 _c8222
_d8222